000 00539nam a22002177a 4500
003 UA-OsUOA
001 68788
007 ta
008 20100518b un ||||| |||| 00| 0 ukr d
090 _a94(460)
942 _cBK
040 _aUA-OsUOA
_bspa
_cUA-OsUOA
_dUA-OsUOA
245 _aE facil amar Lisboa it is easy to love Lisbon
955 _a2
041 _aspa
080 _a94(460)
020 _a972-22-11757
260 _aVerbo
_c1989
650 7 _a9 Географія. Біографії. Історія
_2UDC
999 _c355045
_d355045